Introducción al desarrollo del niño

Zapisane w:
Opis bibliograficzny
1. autor: Biehler, Robert F
Format: Książka
Język:hiszpański
Wydane: Ciudad de México Diana 1980
Hasła przedmiotowe:
Etykiety: Dodaj etykietę
Nie ma etykietki, Dołącz pierwszą etykiete!

MARC

LEADER 00000nam a2200000 a 4500
001 UCY5662
003 CL-VaPUC
005 20240401121827.0
008 950512e19800000MX |||||||||||||||||spa|d
999 |c 233294  |d 233292 
040 |c Pontificia Universidad Católica de Valparaíso 
082 0 4 |a 155.4 BIE 1980  |2 21 
100 0 |a Biehler, Robert F  |9 334707 
245 1 0 |a Introducción al desarrollo del niño 
260 |a Ciudad de México  |b Diana  |c 1980 
300 |a 633 páginas 
583 |a last modification  |c 19950512 00:00:00  |k Rodrigo Vera 
650 0 |a Psicología del niño  |9 307305 
650 0 |a Psicología del desarrollo  |9 307541 
650 7 |a DESARROLLO FISIOLOGICO  |2 CL-VaPUC  |9 312423 
650 7 |a CRECIMIENTO  |2 CL-VaPUC  |9 334708 
650 0 |a Socialización  |9 309940 
650 0 |a Cognición   |9 270347 
650 0 |a Adolescencia  |9 307361 
650 0 |a Familias   |9 255641 
650 0 |a Educación sexual  |9 308005 
650 0 |a Escuelas  |9 308582 
650 0 |a Aprendizaje   |9 254827 
650 0 |a Desarrollo afectivo  |9 334359 
650 7 |a DESARROLLO MORAL  |2 CL-VaPUC  |9 310605 
942 |c BK  |2 ddc 
945 |d 19950512 00:00:00  |a mfernand 
952 |0 0  |1 0  |2 ddc  |4 0  |6 155_400000000000000_BIE_1980  |7 0  |8 P  |9 238715  |a BIBEDU  |b BIBEDU  |c BIBEDU_PB  |d 2019-11-18  |i 1503669  |o 155.4 BIE 1980  |p 1503669  |r 2024-01-25  |t 1  |w 2019-11-18  |y BK  |k EDU